| 000 | 00673cam a22002173a 4500 | ||
|---|---|---|---|
| 001 | 40568 | ||
| 003 | PGUSA | ||
| 005 | 20140828083915.0 | ||
| 008 | 120823s2012||||xxu|||||s|||||000 | eng d | ||
| 040 |
_aPGUSA _beng |
||
| 042 | _adc | ||
| 100 | 1 |
_aTolstoy, Aleksey Konstantinovich, _d1817-1875 |
|
| 245 | 1 | 0 |
_aRuhtinas Serebrjani : _bKertomus Iivana Julman ajoilta _h[electronic resource] / _cAleksey Konstantinovich Tolstoy |
| 260 |
_bProject Gutenberg, _c2012 |
||
| 506 | _aPublic domain in the USA. | ||
| 516 | _aElectronic text | ||
| 700 | 1 | _aSaarikoski, K. K. | |
| 830 | 0 |
_aProject Gutenberg _v40568 |
|
| 856 | 4 | 0 | _uhttp://www.gutenberg.org/ebooks/40568 |
| 942 | _cEB | ||
| 999 |
_c269821 _d269821 |
||